Estadísticas para Representantes Eurovision 2023

Haz click aquí para intentar la prueba.

Estadísticas generales

  • Esta prueba ha sido intentada 41 veces
  • La puntuación promedio es 24 de 26

Estadísticas de respuestas

CANTANTECANCIÓNPAÍS% Correcto
KäärijäCha Cha ChaFinlandia
100%
Marco MengoniDue ViteItalia
100%
Alessandra MeleQueen of KingsNoruega
100%
MimicatAi CoraçãoPortugal
100%
LoreenTattooSuecia
100%
GustaphBecause of YouBélgica
97%
Blanca PalomaEAEAEspaña
97%
Mae MullerI Wrote a SongReino Unido
97%
La ZarraÉvidemmentFrancia
95%
Lord of the LostBlood & GlitterAlemania
92%
Alika MilovaBridgesEstonia
92%
Noa KirelUnicornIsrael
92%
TvorchiHeart of SteelUcrania
92%
Albina & Familja KelmendiDujeAlbania
89%
Let 3Mama ŠČ!Croacia
89%
Joker OutCarpe DiemEslovenia
89%
Monika LinkytėStayLituania
89%
Blanka StajkowSoloPolonia
89%
Teya and SalenaWho the Hell Is Edgar?Austria
87%
Pasha ParfeniSoarele si LunaMoldavia
87%
VesnaMy Sister's CrownRepública Checa
87%
Remo ForrerWatergunSuiza
87%
Andrew LambrouBreak a Broken HeartChipre
82%
Luke BlackSamo Mi Se SpavaSerbia
82%
BrunetteFuture LoverArmenia
79%
VoyagerPromiseAustralia
79%

Distribución de puntuación

Porcentaje por número respondido

Porcentaje de gente con cada puntuación

Historial de tus puntuaciones

No has intentado esta prueba.